Gemeenten van Utrecht (2026) - Statistieken

Algemene statistieken
  • Deze quiz is 202 keer genomen
  • De gemiddelde score is 15 van 26
Antwoorden op de kaart
Antwoorden kleurgecodeerd door een groen-rode schaal op de quizkaart volgens % correct hieronder.
 
Antwoordstatistieken
Antwoord % Correct
Utrecht
96%
Amersfoort
91%
Zeist
75%
De Bilt
72%
Soest
70%
Nieuwegein
68%
Utrechtse Heuvelrug
66%
Houten
64%
Woerden
62%
Veenendaal
60%
Bunnik
57%
IJsselstein
57%
Rhenen
55%
Vijfheerenlanden
55%
Wijk bij Duurstede
55%
Baarn
49%
Lopik
49%
Stichtse Vecht
49%
Woudenberg
49%
Leusden
47%
Bunschoten
45%
De Ronde Venen
43%
Renswoude
43%
Eemnes
42%
Montfoort
42%
Oudewater
40%
Geen overeenkomende quizzen gevonden
Scoreverdeling
Procent van Mensen met Elke Score
Percentiel versus Aantal Correcte Antwoorden
Uw Scoregeschiedenis
U heeft deze quiz nog niet genomen